000 00847nam a22002417a 4500
999 _c18560
_d18560
003 AR-CdUCM
008 190514b ||||| |||| 00| 0 spa d
040 _aMUNICIPALIDAD PROVINCIAL DEL CUSCO
_cBIBLIOTECA MUNICIPAL DEL CUSCO
082 _a858.32 /
_bM13
100 _aMachiavelli, Niccolo
_939213
245 _aEl príncipe /
260 _aMadrid :
_bEDAF,
_c1964.
300 _a251 páginas ;
_bretrato,
_c19 cm.
440 _abiblioteca E.D.A.F.
_939214
500 _aDespués del titulo, Seguido de un prefacio de Voltaire y del Antimaquivelo o Examen del príncipe por Federico el Grande, Rey de Prusia.
505 _aContenido: Novela.
650 _aLiteratura Italiana
_9615
650 _aNovela
_95
650 _aSiglo XX
_98
700 _aFederíco el Grande (prefacio)
_939215
942 _2ddc
_cLIBROS
945 _apjha
_d2019-05-17